Football : buteurs PSG Bayern 2026 - Statistiques

Statistiques générales
  • Ce quiz a été pris 95 fois
  • Le résultat moyen est 7 sur 9
Statistiques - réponses
Minutes Joueur % Correct
17 Harry Kane
95%
24 Khvicha Kvaratskhelia
91%
45+5 Ousmane Dembélé
87%
41 Michael Olise
83%
33 Joao Neves
79%
56 Khvicha Kvaratskhelia
77%
58 Ousmane Dembélé
71%
65 Dayot Upamecano
68%
68 Luis Diaz
66%
Aucun quiz correspondant
Distribution des résultats
% des personnes avec chaque résultat
Percentile par nombre de réponses
Votre historique - résultats
Vous n’avez pas pris ce quiz